91 goli Messiego w 2012 roku - komu strzelał? - Statystyki

Ogólne statystyki
  • Ten quiz został rozwiązany 104 razy
  • Średni wynik to 14 z 31
Statystyki odpowiedzi
Drużyna Przeciwnik Bramki % Poprawnych
Klub Real Madryt 4
99%
Klub Atletico Madryt 3
93%
Reprezentacja Brazylia 3
84%
Klub Sevilla 1
80%
Klub Athletic Bilbao 4
70%
Klub Valencia 4
70%
Reprezentacja Urugwaj 2
69%
Klub Real Betis 4
68%
Klub Bayer Leverkusen 6
65%
Reprezentacja Chile 1
64%
Klub Real Sociedad 3
63%
Reprezentacja Paragwaj 1
53%
Reprezentacja Ekwador 1
52%
Klub Getafe 3
44%
Klub Deportivo la Coruña 3
43%
Klub Granada 3
39%
Klub Mallorca 3
39%
Reprezentacja Niemcy 1
39%
Klub Málaga 6
38%
Klub AC Milan 2
36%
Klub Espanyol 4
36%
Klub Rayo Vallecano 4
36%
Klub Osasuna 4
35%
Klub Levante 4
31%
Klub Celtic Glasgow 1
18%
Klub Real Zaragoza 4
15%
Klub Valladolid 1
15%
Klub Racing Santander 2
14%
Klub Spartak Moskwa 4
7%
Klub Córdoba 2
6%
Reprezentacja Szwajcaria 3
6%
Nie znaleziono quizów pasujących do podanych kryteriów
Rozkład punktacji
Procent ludzi z każdym wynikiem
Percentyl według liczby udzielonych odpowiedzi
Twoja historia wyników
Nie rozwiązałeś tego quizu